Belvedere Meridionale Alapítvány 2004. évi közhasznúsági jelentés - tartalmi beszámoló

Elmentve itt :
Bibliográfiai részletek
További közreműködők: Kiss Gábor Ferenc
Jancsák Csaba
Dokumentumtípus: Cikk
Megjelent: Belvedere Meridionale Szeged 2005
Sorozat:Belvedere Meridionale 17 No. 5-6
Kulcsszavak:Belvedere Meridionale Alapítvány - 2004
Tárgyszavak:
Online Access:http://acta.bibl.u-szeged.hu/7813
LEADER 00803nab a2200205 i 4500
001 acta7813
005 20250728143124.0
008 161015s2005 hu o 000 hun d
040 |a SZTE Egyetemi Kiadványok Repozitórium  |b hun 
041 |a hun 
245 0 0 |a Belvedere Meridionale Alapítvány   |h [elektronikus dokumentum] :  |b 2004. évi közhasznúsági jelentés - tartalmi beszámoló 
260 |a Belvedere Meridionale  |b Szeged  |c 2005 
300 |a 100-101 
490 0 |a Belvedere Meridionale  |v 17 No. 5-6 
650 4 |a Bölcsészettudományok 
650 4 |a Történettudomány és régészet 
695 |a Belvedere Meridionale Alapítvány - 2004 
700 0 1 |a Kiss Gábor Ferenc 
700 0 1 |a Jancsák Csaba 
856 4 0 |u http://acta.bibl.u-szeged.hu/7813/1/belvedere_2005_005_006_100-101.pdf  |z Dokumentum-elérés